000 00355 a2200157 4500
001 71398
020 _a8516040038
040 _cAnchieta - Colégio São Paulo
100 _aPortela, Miriam
240 1 0 _aOnde andará Alegria?
_lpor
245 1 0 _aOnde andará Alegria?
300 _a32
362 0 _a2004
650 4 _aLiteratura infantil
942 _cBK
999 _c71398
_d71398